Giáo trình thống kê kinh doanh

সংরক্ষণ করুন:
গ্রন্থ-পঞ্জীর বিবরন
প্রধান লেখক:  Nguyễn, Minh Tuấn
বিন্যাস: Giáo trình
ভাষা:Undetermined
প্রকাশিত: Đại học Công nghiệp TP. Hồ Chí Minh  2010
বিষয়গুলি:
ট্যাগগুলো: ট্যাগ যুক্ত করুন
কোনো ট্যাগ নেই, প্রথমজন হিসাবে ট্যাগ করুন!
Thư viện lưu trữ: Trung tâm Thư viện - Trường Đại học Công nghiệp TP. Hồ Chí Minh
LEADER 00538nam a2200157Ia 4500
001 UIH_08102
008 231011s9999 xx 000 0 und d
082 |a  658.5 
100 |a  Nguyễn, Minh Tuấn 
245 0 |a  Giáo trình thống kê kinh doanh 
245 0 |c  Nguyễn, Minh Tuấn 
260 |b Đại học Công nghiệp TP. Hồ Chí Minh 
260 |c  2010 
650 |a  Kinh doanh;  
927 |a Giáo trình 
980 |a Trung tâm Thư viện - Trường Đại học Công nghiệp TP. Hồ Chí Minh